Periodismo e historia local : (Record no. 12509)
[ view plain ]
| 000 -CABECERA | |
|---|---|
| fixed length control field | 00828nam a22002177a 4500 |
| 003 - IDENTIFICADOR DEL NÚMERO DE CONTROL | |
| control field | AR-CdUCM |
| 008 - DATOS DE LONGITUD FIJA--INFORMACIÓN GENERAL | |
| fixed length control field | 190325b ||||| |||| 00| 0 spa d |
| 040 ## - FUENTE DE LA CATALOGACIÓN | |
| Agencia/entidad que catalogó originalmente la obra | MUNICIPALIDAD PROVINCIAL DEL CUSCO |
| Entidad que transcribió la catalogación | BIBLIOTECA MUNICIPAL DEL CUSCO |
| 082 ## - NÚMERO DE LA CLASIFICACIÓN DECIMAL DEWEY | |
| No. de Clasificación | C / 070.57 / |
| Notacion interna | C18 |
| 100 ## - ENTRADA PRINCIPAL--NOMBRE DE PERSONA | |
| Nombre Personal | Calvo C., Rossano |
| 245 ## - MENCIÓN DE TÍTULO | |
| Título | Periodismo e historia local : |
| Resto del título | el diario El Sol de Cusco, 1900-1950 / |
| 260 ## - PUBLICACIÓN, DISTRIBUCIÓN, ETC. | |
| Lugar de publicación, distribución, etc. | Cusco : |
| Nombre de la editorial, distribuidor, etc. | Instituto Nacional de Cultura, |
| Fecha de publicación, distribución, etc. | 2002. |
| 300 ## - DESCRIPCIÓN FÍSICA | |
| Nº de Páginas Extensión | 279 páginas ; |
| Dimensiones | 21 cm. |
| 505 ## - NOTA DE CONTENIDO CON FORMATO | |
| Nota de contenido formateada | Contenido : El diario El Sol en el Cusco de antaño -- Periodismo e Historia Local -- Contribución al estudio del Cusqueñismo. |
| 650 ## - PUNTO DE ACCESO ADICIONAL DE MATERIA--TÉRMINO DE MATERIA | |
| Descriptor | Periódicos |
| 9 (RLIN) | 23804 |
| 650 ## - PUNTO DE ACCESO ADICIONAL DE MATERIA--TÉRMINO DE MATERIA | |
| Descriptor | Periodismo |
| 9 (RLIN) | 1929 |
| 650 ## - PUNTO DE ACCESO ADICIONAL DE MATERIA--TÉRMINO DE MATERIA | |
| Descriptor | Periodismo Cusqueño |
| 9 (RLIN) | 23805 |
| 710 ## - PUNTO DE ACCESO ADICIONAL--NOMBRE DE ENTIDAD CORPORATIVA | |
| Nombre corporativo (En letras Mayúsculas) | Instituto Nacional de Cultura |
| 9 (RLIN) | 9 |
| 942 ## - ELEMENTOS DE PUNTO DE ACCESO ADICIONAL (KOHA) | |
| Fuente de clasificación | |
| Tipo de item | Libros-BMC |
| 945 ## - PROCESAMIENTO DE INFORMACIÓN LOCAL (OCLC) | |
| Catalogador | acv |
No items available.